000 00460nam a22001937a 4500
003 OSt
008 240323b |||||||| |||| 00| 0 eng d
020 _a9789391392352
082 _a006.31 DOM
100 _aDOSHI,Ruchi
245 _aMachine Learning
250 _a1st Ed
260 _aNew Delhi
_bBPB Publication
_c2024
300 _a270
700 _aHIRAN,Kamal Kant
700 _aJAIN,,Ritesh Kumar
700 _aLAKHWANI,Kamlesh
942 _2ddc
_cREF
999 _c12277
_d12277